| 000 | 00566nam a22002417a 4500 | ||
|---|---|---|---|
| 001 | 20471 | ||
| 003 | UA-OsUOA | ||
| 005 | 20210720140411.0 | ||
| 007 | ta | ||
| 008 | 20031112b un ||||| |||| 00| 0 ukr d | ||
| 040 |
_aUA-OsUOA _bukr _cUA-OsUOA _dUA-OsUOA |
||
| 041 | _aukr | ||
| 044 | _aUA | ||
| 080 | _a913(477) | ||
| 090 |
_a913(477) _bО-54 |
||
| 100 | _aОлійников М. Я. | ||
| 245 |
_aСавур-Могила _nВип. 2 |
||
| 260 |
_aДонецьк _bДонбас _c1972 |
||
| 300 | _a96 с. | ||
| 650 | 7 | _2UDC | |
| 942 |
_cBK _2udc |
||
| 955 | _a0 | ||
| 999 |
_c306649 _d306649 |
||